| 000 | 00612nam a22002177a 4500 | ||
|---|---|---|---|
| 999 |
_c813 _d813 |
||
| 001 | 15351 | ||
| 003 | BD-DhUAP | ||
| 005 | 20200128115519.0 | ||
| 008 | 200128s2009 ii a|||| |||| 001 0 eng d | ||
| 020 | _a8170249430 | ||
| 040 |
_aBD-DhUAP _bEng _cBD-DhUAP _dBD-DhUAP |
||
| 082 |
_223 _a341.480954 SEN |
||
| 100 | _aSen, Sankar. | ||
| 245 |
_aHuman rights in developing society / _cSankar Sen. |
||
| 260 |
_aNew Delhi : _bA.P.H. Publishing Corporation, _cc2009. |
||
| 300 |
_avii, 293 pages ; _c22 cm. |
||
| 500 | _aIncludes index. | ||
| 650 |
_aHuman rights _zIndia. |
||
| 650 | _aCivil rights | ||
| 942 |
_2ddc _cBK |
||